| 000 | 00533nam a22001817a 4500 | ||
|---|---|---|---|
| 005 | 20240109161229.0 | ||
| 008 | 190604b xxu||||| |||| 00| 0 eng d | ||
| 020 | _a978-93-86700-16-2 | ||
| 041 | _aeng | ||
| 082 | _a610 | ||
| 100 |
_aGUPTA, Dr. G.D ,SHARMA DR. SHAILESH AND SING BALJEET _98310 |
||
| 245 | _aPRACTICAL MANUAL OF HOSPITAL AND CLINICAL PHARMACY: for second year diploma pharmacy students | ||
| 250 | _a3rd Ed. | ||
| 260 |
_aPUNE _bNIRALI PRAKASHAN |
||
| 300 | _a74p, | ||
| 650 |
_aPHARMACY _xB.PHARMA |
||
| 942 | _cBK | ||
| 999 |
_c5931 _d5929 |
||